|
|
|
|
| LEADER |
01099nam a22002297a 4500 |
| 001 |
35229 |
| 003 |
BD-DhAAL |
| 005 |
20211129155247.0 |
| 008 |
190904t2003 xxka|||| |||| 00| 0 eng d |
| 999 |
|
|
|c 41096
|d 41096
|
| 040 |
|
|
|a BD-DhAAL
|
| 082 |
|
|
|a 372.968
|2 20
|
| 245 |
|
|
|a DDSP :
|b improving the quality of primary education
|
| 260 |
|
|
|a Hatfield :
|b District Development Support Programme,
|c 2003
|
| 300 |
|
|
|a xii, 362 pages :
|b illustrations ;
|c 25 cm.
|
| 526 |
|
|
|a BIED
|
| 541 |
|
|
|a Complimentary copy from BIED
|e 35229, 36021
|
| 650 |
|
|
|a Education, Elementary
|z South Africa.
|9 33899
|
| 852 |
|
|
|a Ayesha Abed Library
|c BIED Collection
|
| 942 |
|
|
|2 ddc
|c BK
|
| 952 |
|
|
|0 0
|1 0
|2 ddc
|4 0
|6 372_968000000000000_DDS
|7 0
|9 66120
|a BRACUL
|b BRACUL
|c GEN
|d 2019-09-04
|e Complimentary copy from BIED
|l 0
|o 372.968 DDS
|p 3010035229
|r 2019-09-04
|t 1
|w 2019-09-04
|y BK
|x Transferred from BIED to General Stacks
|
| 952 |
|
|
|0 0
|1 0
|2 ddc
|4 0
|6 372_968000000000000_DDS
|7 0
|9 66456
|a BRACUL
|b BRACUL
|c GEN
|d 2019-09-22
|e Complimentary copy from BIED
|l 0
|o 372.968 DDS
|p 3010036021
|r 2019-09-22
|t 2
|w 2019-09-22
|y BK
|x Transferred from BIED to General Stacks
|